<?xml version="1.0" encoding="UTF-8"?>
<collection xmlns="http://www.loc.gov/MARC21/slim">
 <record>
  <leader>01726nam a22002057a 4500</leader>
  <controlfield tag="001">NCT_44187</controlfield>
  <controlfield tag="008">180706b        xxu||||| |||| 00| 0 vie d</controlfield>
  <datafield tag="999" ind1=" " ind2=" ">
   <subfield code="c">2118</subfield>
   <subfield code="d">2118</subfield>
  </datafield>
  <datafield tag="020" ind1=" " ind2=" ">
   <subfield code="a">9786045737118</subfield>
   <subfield code="c">99000</subfield>
  </datafield>
  <datafield tag="082" ind1="0" ind2="4">
   <subfield code="2">23rd ed.</subfield>
   <subfield code="a">324.2597075</subfield>
   <subfield code="b">L120</subfield>
  </datafield>
  <datafield tag="100" ind1="1" ind2=" ">
   <subfield code="a">Vũ Trọng Lâm</subfield>
  </datafield>
  <datafield tag="245" ind1="1" ind2="0">
   <subfield code="a">Đổi mới sự lãnh đạo của đảng trong điều kiện xây dựng nhà nước pháp quyền xã hội chủ nghĩa ở Việt Nam : </subfield>
   <subfield code="b"> Sách chuyên khảo</subfield>
   <subfield code="c">Vũ Trọng Lâm</subfield>
  </datafield>
  <datafield tag="260" ind1=" " ind2=" ">
   <subfield code="a">H.</subfield>
   <subfield code="b">Chính trị quốc gia sự thật</subfield>
   <subfield code="c">2017</subfield>
  </datafield>
  <datafield tag="300" ind1=" " ind2=" ">
   <subfield code="a">348 tr.</subfield>
   <subfield code="c">21cm</subfield>
  </datafield>
  <datafield tag="520" ind1="3" ind2=" ">
   <subfield code="a">Nhà nước pháp quyền xã hội chủ nghĩa Việt Nam được tổ chức và hoạt động dưới sự lãnh đạo của Đảng Cộng sản Việt Nam. Việc thường xuyên đổi mới nội dung và phương thức lãnh đạo của Đảng đối với Nhà nước và xã hội là một yêu cầu mang tính quy luật, đặc biệt là trong bối cảnh xây dựng Nhà nước pháp quyền xã hội chủ nghĩa, vấn đề đổi mới sự lãnh đạo của Đảng lại càng trở nên quan trọng và cấp thiết.</subfield>
  </datafield>
  <datafield tag="653" ind1=" " ind2=" ">
   <subfield code="a">Kinh tế - Chính trị</subfield>
  </datafield>
  <datafield tag="942" ind1=" " ind2=" ">
   <subfield code="2">ddc</subfield>
   <subfield code="c">BK</subfield>
  </datafield>
  <datafield tag="952" ind1=" " ind2=" ">
   <subfield code="0">0</subfield>
   <subfield code="1">0</subfield>
   <subfield code="2">ddc</subfield>
   <subfield code="4">0</subfield>
   <subfield code="6">324_259707500000000_L120</subfield>
   <subfield code="7">0</subfield>
   <subfield code="9">12050</subfield>
   <subfield code="a">000001</subfield>
   <subfield code="b">000001</subfield>
   <subfield code="d">2018-07-06</subfield>
   <subfield code="o">324.2597075 L120</subfield>
   <subfield code="p">MD.11402</subfield>
   <subfield code="r">2018-07-06</subfield>
   <subfield code="v">99000.00</subfield>
   <subfield code="w">2018-07-06</subfield>
   <subfield code="y">BK</subfield>
  </datafield>
  <datafield tag="952" ind1=" " ind2=" ">
   <subfield code="0">0</subfield>
   <subfield code="1">0</subfield>
   <subfield code="2">ddc</subfield>
   <subfield code="4">0</subfield>
   <subfield code="6">324_259707500000000_L120</subfield>
   <subfield code="7">0</subfield>
   <subfield code="9">12051</subfield>
   <subfield code="a">000001</subfield>
   <subfield code="b">000001</subfield>
   <subfield code="d">2018-07-06</subfield>
   <subfield code="o">324.2597075 L120</subfield>
   <subfield code="p">MD.11403</subfield>
   <subfield code="r">2018-07-06</subfield>
   <subfield code="v">99000.00</subfield>
   <subfield code="w">2018-07-06</subfield>
   <subfield code="y">BK</subfield>
  </datafield>
  <datafield tag="980" ind1=" " ind2=" ">
   <subfield code="a">Thư viện Trường Đại học Nam Cần Thơ</subfield>
  </datafield>
 </record>
</collection>
